Monaco-visa - Statistics

Yleistilastot
  • Tätä visaa on pelattu 456 kertaa
  • Keskiarvotulos 8 / 16
Vastaustilastot
Vihje Vastaus % Oikein
Naapurimaa Ranska
100%
Meri, jonka rannalla Monaco sijaitsee Välimeri
96%
Valuutta Euro
93%
Valtio, jolla on lähes identtinen lippu Indonesia
80%
Vuodesta 1929 lähtien Monacossa järjestetty suuri urheilutapahtuma Monacon Grand Prix
73%
Monaco on asukasta kohden maailman ____ valtio Rikkain
71%
Monacon virallinen nimi Monacon {ruhtinaskunta}
67%
Kuuluisa vuonna 1863 avattu kasino Monte Carlo
55%
Monaco sijaitsee tällä rannikkoalueella Ranskan Riviera
50%
Monacossa on osaltaan pienen pinta-alan myötä maailman korkein _____ Väestötiheys
45%
Tämänhetkinen hallitsija Albert II
37%
Vuodesta 1911 lähtien järjestetty perinteinen kilpailu Monte Carlon ralli
24%
Hallitsijasuku Grimaldi
17%
Valtio, joka perusti linnakkeen nykyisen Monacon alueelle 1215 Genova
14%
Valtio, jonka protektoraatti Monaco oli 1815–1860 Sardinia
12%
Monacossa puhuttu liguurin kielen murre Monegassi
9%
Ehtoja vastaavia visoja ei löytynyt
Tulosjakauma
Jokaisen tuloksen saaneiden osuus
Persentiili vastausten määrän mukaan
Tuloshistoriasi
Et ole pelannut tätä visaa